000 00582nam a22001457a 4500
003 OSt
005 20240405152516.0
008 240405b |||||||| |||| 00| 0 eng d
040 _cCentral Library MRSPTU
100 _aDr. Navrattan Kapur (ਡਾ. ਨਵਰਤਨ ਕਪੂਰ)
245 _aDr. Hardayal (ਡਾਕਟਰ ਹਰਦਿਆਲ)
_bA Practical Intellectual and Diplomat (ਇੱਕ ਪ੍ਰਯੋਗਸ਼ੀਲ ਬੁੱਧੀਜੀਵੀ ਤੇ ਰਾਜਨਇਕ
260 _aPatiala
_bPublication Bureau Punjabi University
_c1988
300 _a245
942 _2ddc
_cBK
_n0
999 _c9999
_d9999